MDQL
is popping MORE tags! Check the
thread
!
Quizzes
Events
Quiz Creation
Community
Videos
Private Events
Remove Ads
Sign In
Join for FREE
Feedback
Dark Mode
Quiz Categories
Sports
Geography
Music
Movies
Television
Just For Fun
Miscellaneous
History
Literature
Language
Science
Gaming
Entertainment
Religion
Holiday
For Kids
Quiz Lab
Recent
Popular Today
Quiz Kudos Today
Editor Picks
Curator Picks
Quizzes by...
Day
Popularity
Type
Ratings
Length
Year
Community
Subscriptions
Recent Discussions
Orange Saloon
Badges
Playlists
Quests
Create
Leaderboards
Showdown
Live 5
Trivia Bingo
Activity
Puzzle Library
Sporcle Events
Private Events
Virtual Trivia
Globe League
Become a Host
Pub Owners
SporcleCon
Opinionation
Our Games
Videos
Blog
Mobile Apps
Partnerships
Remove Ads and Go Orange
Feedback
Sports
Athletes
MLB
NBA
NHL
NFL
Soccer
Sports Teams
WWE
NCAA
Football
Premier League
Basketball
Baseball
Hockey
Golf
Tennis
Cricket
Rugby
Auto Racing
Olympics
World Cup
Sports
Athletes
MLB
NBA
NHL
NFL
Soccer
Sports Teams
WWE
NCAA
Football
Premier League
Basketball
Baseball
Hockey
Golf
Tennis
Cricket
Rugby
Auto Racing
Olympics
World Cup
Random Quiz
Search Sporcle
×
Quiz Lab
Quiz Lab
Sports
Premier League
Type in answers that appear in a list
Type in answers that appear in a list
Classic
Best Score? Go Orange.
Premier League Red Cards 2013-2014 Stats
Can you name the players sent off in the Premier League in 2013-2014
By
SallyJarvis1990
10m
52 Questions
51 Plays
51 Plays
51 Plays
Comments
Comments
Give Quiz Kudos
Give Quiz Kudos
-
- Ratings
hide this ad
Replay
Link that replays current quiz
Next Quiz
Link to next quiz in quiz playlist
You Got
0%
They Got
Avg Score
50%
Avg Friend Score
Upgrade to see
Score Distribution
Jump to the score distribution portion of the page
Score
0/52
Timer
10:00
0
Plays Today
Club
Name
% Correct
Arsenal
Kieran Gibbs
82.4%
Sunderland
Wes Brown
78.4%
Sunderland
Wes Brown
78.4%
Sunderland
Wes Brown
78.4%
Arsenal
Laurent Koscielny
76.5%
Chelsea
Ramires
76.5%
Sunderland
John O'Shea
74.5%
Arsenal
Mikel Arteta
74.5%
Manchester City
Vincent Kompany
72.5%
West Ham
Kevin Nolan
70.6%
West Ham
Kevin Nolan
70.6%
Manchester United
Nemanja Vidic
70.6%
Manchester United
Nemanja Vidic
70.6%
Stoke City
Ryan Shawcross
70.6%
Chelsea
Fernando Torres
64.7%
Sunderland
Lee Cattermole
62.7%
West Ham
Mark Noble
60.8%
West Ham
Andy Carroll
60.8%
Chelsea
Willian
58.8%
Everton
Tim Howard
54.9%
Norwich City
Leroy Fer
54.9%
Arsenal
Mathieu Flamini
54.9%
Newcastle United
Steven Taylor
52.9%
Newcastle United
Mathieu Debuchy
52.9%
Tottenham Hotspur
Danny Rose
52.9%
Hull City
Tom Huddlestone
51%
Club
Name
% Correct
Tottenham Hotspur
Younes Kaboul
51%
Liverpool
Jordan Henderson
51%
Tottenham Hotspur
Younes Kaboul
51%
Norwich City
Bradley Johnson
49%
Manchester United
Antonio Valencia
47.1%
Swansea City
Chico Flores
47.1%
Swansea City
Chico Flores
47.1%
Tottenham Hotspur
Paulinho
45.1%
Newcastle United
Shola Ameobi
45.1%
Stoke City
Glenn Whelan
41.2%
Stoke City
Jonathan Walters
39.2%
Newcastle United
Loic Remy
37.3%
Stoke City
Steven Nzonzi
37.3%
Stoke City
Marc Wilson
33.3%
West Ham
James Tomkins
33.3%
Newcastle United
Paul Dummett
33.3%
Hull City
Allan McGregor
31.4%
Hull City
Allan McGregor
31.4%
Crystal Palace
Yannick Bolasie
29.4%
Newcastle United
Mapou Yanga-Mbiwa
25.5%
Hull City
Yannick Sagbo
23.5%
Fulham
Fernando Amorebieta
23.5%
Cardiff City
Juan Cala
23.5%
Sunderland
Andrea Dossena
19.6%
Sunderland
Marcos Alonso
9.8%
Crystal Palace
Kagisho Dikcgacoi
3.9%
Quiz Playlist
Details
Report
Send in Message
Add To Playlist
Classic:
Type in answers that appear in a list
Last Updated: Feb 16, 2017
Quiz Scoreboard
CHALLENGE
Sign Up to Join the Scoreboard
Show All
Scores
Hide
Comments
May contain spoilers
Recently Published
1-10 Letter E Words III
by El_Dandy
Language
2m
Street Fighter Characters
by Artimus82
Gaming
60s
College Basketball Coaching Resumes
by pancakes188
Sports
9m
More to Explore
Quiz From the Vault
Featured Blog Post
Where Did the Easter Bunny Come From?
hide this ad
You Might Also Like...
Tags
Premier League Quiz
Today's Top Quizzes in Sports
Browse Sports
hide this ad
Today's Top Quizzes in Premier League
Browse Premier League
Top Contributed Quizzes in Sports
1
2022 World Cup Stars
2
Les meilleurs buteurs des matchs entre le PSG et l’OM
3
FIFA Club World Cup Champions
4
Les entraîneurs de l'OM et du PSG au 21e siècle
5
Criteria MLB: Left Handed Sluggers
6
2023 MLB Unique Player Accomplishments
7
AFC Teams Reveal (Wrong Answers Minefield)
8
Players with Multiple 50 Home Run Seasons
9
5-to-1: FBS Animal Nicknames
10
5-to-1: UK Sports Teams
Explore More
Trending Topics
Crossword
Anime
Marvel
Disney
Kpop
Harry Potter
NBA
NFL
Pokémon
Soccer
Country
The Office
Song
Puzzle
WWE
hide this ad
More By:
SallyJarvis1990
Quiz
Plays
Rating
Category
Featured
Created
Most Premier League Goals in a Calendar Year
101,180
4.70
Sports
Dec 30, 2012
Premier League Clubs' Top English Goalscorer
13,319
4.95
Sports
Oct 5, 2014
2014-2015 European League Teams
10,291
4.44
Sports
Jul 23, 2014
The Premier League Years
8,058
4.38
Sports
Aug 29, 2013
Every Premier League Hat-Trick Scorer
7,736
4.70
Sports
May 14, 2013
Go to Creator's Profile
Score Distribution
Quiz Creator Spotlight
SallyJarvis1990
Follow
Send a Message
Quizzes Created
-
Created Quiz Play Count
-
More By This Creator
Popular Quizzes Today
1
Find the US States - No Outlines Minefield
2
Find the Countries of Europe - No Outlines Minefield
3
The Countries of the World
4
Find the US States
5
Risky Map Clicking: Biggest States A-Z
6
US States
7
Popular People in 1961
8
Movies - When Are They Set?
More Sports Quizzes
Euro 2020 Teams
Published
Trending Quizzes
Risky Map Clicking: Least Populous States A-Z
Billboard Blitz: Aretha Franklin
Famous Russians: Author or Composer?
1-10 Letter G Words
Countries of the World: 200 Million BC
Recently Updated
Leaping Animals
pecheneg
Reality TV Shows (A-Z)
bhenderson79
Rickey Henderson's Hall of Fame Teammates
pecheneg
Champions League XIs: Arsenal
pecheneg
Quick Pick: Celebrities in WWE's Hall of Fame
aduchscher
A-Z Keypad Blitz II
pecheneg
Multiple Oscar Actors
pecheneg
Mystery Phrase Blitz: Oscar 'Best Actors'
pecheneg
F. Scott Fitzgerald Novels
LTH
Pick 3 Villains
ddd62291
Trending Topics
Disney
Crossword
Harry Potter
Kpop
Marvel
NBA
Anime
Country
WWE
Pokémon
Soccer
NFL
Puzzle
The Office
Song
Your Account Isn't Verified!
In order to create a playlist on Sporcle, you need to verify the email address you used during registration. Go to your
Sporcle Settings
to finish the process.
Report this User
Report this user for behavior that violates our
Community Guidelines
.
Details:
Send Report
Go to the Sporcle.com Mobile Site →
Comments